[Event "CRO Cup"]
[Site "Mali Losinj"]
[Date "2017.05.14"]
[Round "6.8"]
[White "Djuric, Petar1111"]
[Black "Vrsek, Ivan"]
[Result "0-1"]
[WhiteElo "1954"]
[BlackElo "2219"]
[PlyCount "58"]
[EventDate "2017.05.10"]
[EventType "team-swiss"]
[EventRounds "6"]
[EventCountry "CRO"]
[SourceTitle "EXT 2018"]
[Source "ChessBase"]
[SourceDate "2017.10.13"]
[SourceVersion "1"]
[SourceVersionDate "2017.10.13"]
[SourceQuality "1"]
[WhiteTeam "Nova Gradiska Strmac"]
[BlackTeam "Zagreb Caissa"]
[WhiteTeamCountry "CRO"]
[BlackTeamCountry "CRO"]

1. e4 e6 2. d4 d5 3. exd5 exd5 4. Bd3 Nc6 5. Ne2 Bd6 6. 0-0 Nf6 7. c3 0-0 8. Bf4 Ne7 9. Nd2 Ng6 10. Bg3 Bg4 11. f3 Be6 12. f4 Bg4 13. Nf3 Nh5 14. Ne5 Nxe5 15. fxe5 Nxg3 16. hxg3 Be7 17. Qc2 g6 18. Nf4 c5 19. e6 cxd4 20. Nxg6 fxg6 21. Bxg6 d3 22. Bf7+ Kh8 23. Qd2 Bxe6 24. Bxe6 Qb6+ 25. Kh1 Qxe6 26. b4 Qe2 27. Qxe2 dxe2 28. Rf3 Rxf3 29. gxf3 Re8 0-1

[Event "CRO Cup"]
[Site "Mali Losinj"]
[Date "2017.05.13"]
[Round "5.5"]
[White "Vrsek, Ivan"]
[Black "Tica, Sven"]
[Result "0-1"]
[WhiteElo "2219"]
[BlackElo "2332"]
[PlyCount "51"]
[EventDate "2017.05.10"]
[EventType "team-swiss"]
[EventRounds "6"]
[EventCountry "CRO"]
[SourceTitle "CBM 178 Extra"]
[Source "ChessBase"]
[SourceDate "2017.06.22"]
[SourceVersion "1"]
[SourceVersionDate "2017.06.22"]
[SourceQuality "1"]
[WhiteTeam "Zagreb Caissa"]
[BlackTeam "Rijeka Rijeka"]
[WhiteTeamCountry "CRO"]
[BlackTeamCountry "CRO"]

1. d4 Nf6 2. c4 e6 3. Nc3 d5 4. cxd5 Nxd5 5. Nf3 c5 6. e3 Nc6 7. Bd3 Be7 8. Be4 cxd4 9. exd4 Nf6 10. Bc2 0-0 11. 0-0 b6 12. a3 Ba6 13. Re1 Qd6 14. b4 Rac8 15. Bb2 Bc4 16. Qd2 Rfd8 17. Rad1 g6 18. b5 Na5 19. Ne5 Bf8 20. Qf4 Qe7 21. Ne4 Nd5 22. Qg3 Bxb5 23. Bb1 Bg7 24. Nxf7 Qxf7 25. Ng5 Qf4 26. Qh3 0-1

[Event "Topusko op 3rd"]
[Site "Topusko"]
[Date "2014.08.10"]
[Round "4"]
[White "Vrsek, Ivan"]
[Black "Lukic, Milutin"]
[Result "1-0"]
[WhiteElo "2228"]
[BlackElo "1983"]
[PlyCount "65"]
[EventDate "2014.08.08"]
[EventType "swiss"]
[EventRounds "9"]
[EventCountry "CRO"]
[SourceTitle "CBM 162 Extra"]
[Source "ChessBase"]
[SourceDate "2014.10.17"]
[SourceVersion "1"]
[SourceVersionDate "2014.10.17"]
[SourceQuality "1"]

1. d4 c6 2. c4 d5 3. Nf3 Nf6 4. Nc3 dxc4 5. a4 Nd5 6. e3 Nxc3 7. bxc3 b5 8. Ne5 Qd5 9. Be2 f6 10. Bf3 Qd6 11. Nxc6 Nxc6 12. axb5 Bd7 13. bxc6 Bxc6 14. Ba3 Qd7 15. d5 Ba4 16. Qd4 Rc8 17. Bg4 f5 18. Bh5+ g6 19. Qxh8 gxh5 20. 0-0 Bc2 21. Qxh7 Qxd5 22. Qxh5+ Qf7 23. Qxf7+ Kxf7 24. Bb4 Rc7 25. Ra6 Rd7 26. Rfa1 Rb7 27. Rxa7 Rb8 28. h4 Bd3 29. Rc7 Rb6 30. Raa7 Re6 31. h5 Be2 32. h6 Rxh6 33. Bxe7 1-0

[Event "Topusko op 3rd"]
[Site "Topusko"]
[Date "2014.08.09"]
[Round "2"]
[White "Vrsek, Ivan"]
[Black "Hadzi Manev, Ljubomir"]
[Result "1-0"]
[WhiteElo "2228"]
[BlackElo "2053"]
[PlyCount "63"]
[EventDate "2014.08.08"]
[EventType "swiss"]
[EventRounds "9"]
[EventCountry "CRO"]
[SourceTitle "CBM 162 Extra"]
[Source "ChessBase"]
[SourceDate "2014.10.17"]
[SourceVersion "1"]
[SourceVersionDate "2014.10.17"]
[SourceQuality "1"]

1. d4 d5 2. c4 e6 3. cxd5 exd5 4. Nc3 c5 5. Nf3 Nc6 6. g3 Nf6 7. Bg2 Be7 8. 0-0 0-0 9. b3 Ne4 10. Bb2 Bf6 11. Na4 cxd4 12. Nxd4 Re8 13. Rc1 Bd7 14. Nc5 Nxd4 15. Bxd4 Bb5 16. Re1 b6 17. Nxe4 dxe4 18. Bxf6 Qxd1 19. Rexd1 gxf6 20. e3 Re7 21. Rd4 Rae8 22. g4 Kg7 23. h3 Kg6 24. Kh2 f5 25. Kg3 fxg4 26. hxg4 f5 27. Rd6+ Re6 28. gxf5+ Kxf5 29. Bh3+ Ke5 30. Rxe6+ Rxe6 31. Bxe6 Kxe6 32. Rh1 1-0

[Event "CRO-chT2 Center 22nd"]
[Site "Sisak"]
[Date "2013.10.06"]
[Round "8.31"]
[White "Bodiroga, Predrag"]
[Black "Vrsek, Ivan"]
[Result "1-0"]
[WhiteElo "2392"]
[BlackElo "2244"]
[PlyCount "49"]
[EventDate "2013.04.14"]
[EventType "team-tourn"]
[EventRounds "11"]
[EventCountry "CRO"]
[SourceTitle "EXT 2016"]
[Source "ChessBase"]
[SourceDate "2015.10.08"]
[SourceVersion "1"]
[SourceVersionDate "2015.10.08"]
[SourceQuality "1"]

1. c4 e5 2. Nc3 Nf6 3. Nf3 Nc6 4. e3 Be7 5. d4 exd4 6. exd4 d5 7. cxd5 Nxd5 8. Bd3 0-0 9. 0-0 Bg4 10. Be4 Nf6 11. Bxc6 bxc6 12. h3 Bh5 13. Qd3 c5 14. d5 c6 15. Ne5 cxd5 16. Nc6 Qd6 17. Nxd5 Bd8 18. Nxf6+ Qxf6 19. Qd5 Be2 20. Re1 Bc4 21. Qxc4 Qxc6 22. Be3 Bf6 23. Rab1 Rfc8 24. Rec1 Be7 25. b4 1-0

[Event "CRO-chT2 Center 22nd"]
[Site "Sisak"]
[Date "2013.04.21"]
[Round "4.1"]
[White "Cop, Tomislav"]
[Black "Vrsek, Ivan"]
[Result "1/2-1/2"]
[WhiteElo "2301"]
[BlackElo "2244"]
[PlyCount "45"]
[EventDate "2013.04.14"]
[EventType "team-tourn"]
[EventRounds "11"]
[EventCountry "CRO"]
[SourceTitle "EXT 2016"]
[Source "ChessBase"]
[SourceDate "2015.10.08"]
[SourceVersion "1"]
[SourceVersionDate "2015.10.08"]
[SourceQuality "1"]

1. e4 e6 2. d4 d5 3. e5 c5 4. c3 Nc6 5. Nf3 Bd7 6. Be2 Nge7 7. Na3 cxd4 8. cxd4 Nf5 9. Nc2 Qb6 10. 0-0 Na5 11. b3 Bb5 12. Bb2 Be7 13. g4 Nh4 14. Nxh4 Bxh4 15. Ba3 Bxe2 16. Qxe2 Nc6 17. Bc5 Qd8 18. Nb4 Nxb4 19. Bxb4 Be7 20. Bxe7 Qxe7 21. Qb5+ Qd7 22. Qb4 Qe7 23. Qb5+ 1/2-1/2

[Event "CRO-chT2 Center 22nd"]
[Site "Sisak"]
[Date "2013.04.14"]
[Round "2.2"]
[White "Vrsek, Ivan"]
[Black "Mihalinec, Damir"]
[Result "1/2-1/2"]
[WhiteElo "2244"]
[BlackElo "2251"]
[PlyCount "27"]
[EventDate "2013.04.14"]
[EventType "team-tourn"]
[EventRounds "11"]
[EventCountry "CRO"]
[SourceTitle "EXT 2016"]
[Source "ChessBase"]
[SourceDate "2015.10.08"]
[SourceVersion "1"]
[SourceVersionDate "2015.10.08"]
[SourceQuality "1"]

1. d4 Nf6 2. c4 g6 3. Nc3 d5 4. cxd5 Nxd5 5. e4 Nxc3 6. bxc3 Bg7 7. Be3 0-0 8. Bc4 c5 9. Ne2 cxd4 10. cxd4 Nc6 11. 0-0 Bg4 12. f3 Na5 13. Bd3 Be6 14. d5 1/2-1/2

[Event "CRO-chT2 Center"]
[Site "Zagreb"]
[Date "2012.10.21"]
[Round "9.21"]
[White "Kliska, Predrag"]
[Black "Vrsek, Ivan"]
[Result "0-1"]
[WhiteElo "2136"]
[BlackElo "2222"]
[PlyCount "62"]
[EventDate "2012.03.18"]
[EventType "team-swiss"]
[EventRounds "11"]
[EventCountry "CRO"]
[SourceTitle "EXT 2019"]
[Source "ChessBase"]
[SourceDate "2018.10.10"]
[SourceVersion "1"]
[SourceVersionDate "2018.10.10"]
[SourceQuality "1"]

1. d4 d5 2. Nf3 Nf6 3. c4 c6 4. Nc3 a6 5. e3 b5 6. cxd5 cxd5 7. Be2 e6 8. 0-0 Bd6 9. Bd2 Nbd7 10. a4 b4 11. Na2 a5 12. Nc1 Qe7 13. Nd3 Ba6 14. Rc1 0-0 15. Nfe5 Bxe5 16. Nxe5 Nxe5 17. Bxa6 Rxa6 18. dxe5 Ne4 19. f3 Nc5 20. Be1 Rc6 21. Qe2 Qc7 22. f4 Nxa4 23. Ra1 Rc2 24. Qb5 Nxb2 25. Qxa5 Qxa5 26. Rxa5 Nd3 27. Rb5 Ra8 28. f5 h5 29. fxe6 fxe6 30. Rb7 Raa2 31. Bg3 h4 0-1

[Event "CRO-chT2 Center"]
[Site "Zagreb"]
[Date "2012.03.25"]
[Round "4.51"]
[White "Grdinic, Zvonimir"]
[Black "Vrsek, Ivan"]
[Result "1/2-1/2"]
[WhiteElo "2246"]
[BlackElo "2248"]
[PlyCount "28"]
[EventDate "2012.03.18"]
[EventType "team-swiss"]
[EventRounds "11"]
[EventCountry "CRO"]
[SourceTitle "EXT 2014"]
[Source "ChessBase"]
[SourceDate "2013.11.20"]
[SourceVersion "1"]
[SourceVersionDate "2013.11.20"]
[SourceQuality "1"]

1. Nf3 d5 2. d4 Nf6 3. c4 c6 4. e3 a6 5. Nc3 b5 6. cxd5 cxd5 7. Bd3 Bg4 8. 0-0 e6 9. Bd2 Nbd7 10. Rc1 Be7 11. a4 b4 12. Ne2 Qb6 13. b3 0-0 14. Ng3 Rfc8 1/2-1/2

[Event "CRO-chT2 Center"]
[Site "Zagreb"]
[Date "2012.03.18"]
[Round "1.42"]
[White "Trbojevic, Mladen"]
[Black "Vrsek, Ivan"]
[Result "0-1"]
[WhiteElo "2315"]
[BlackElo "2248"]
[PlyCount "98"]
[EventDate "2012.03.18"]
[EventType "team-swiss"]
[EventRounds "11"]
[EventCountry "CRO"]
[SourceTitle "EXT 2014"]
[Source "ChessBase"]
[SourceDate "2013.11.20"]
[SourceVersion "1"]
[SourceVersionDate "2013.11.20"]
[SourceQuality "1"]

1. e4 e6 2. d4 d5 3. Nc3 Bb4 4. Nge2 Nc6 5. a3 Ba5 6. e5 f6 7. Nf4 fxe5 8. Qh5+ Kf8 9. dxe5 Qe8 10. Qxe8+ Kxe8 11. Bb5 Nge7 12. Bd2 Bd7 13. 0-0-0 Kf7 14. Ne4 Bxd2+ 15. Rxd2 Nxe5 16. Bxd7 Nxd7 17. c4 Nb6 18. Ng5+ Kf6 19. Ngxe6 Nxc4 20. Re2 Ne5 21. Rhe1 N7g6 22. Nxg6 Nxg6 23. Nxc7 Rac8 24. Rc2 Nf4 25. Rd1 Nxg2 26. Rxd5 Rhd8 27. Rdc5 Kg6 28. R2c3 Ne1 29. R5c4 Nd3+ 30. Kc2 Ne5 31. Rc5 Nc6 32. Nd5 Rd6 33. Rxc6 Rcxc6 34. Ne7+ Kg5 35. Nxc6 Rxc6 36. Rxc6 bxc6 37. Kc3 Kh4 38. Kd4 Kh3 39. Kc5 Kxh2 40. Kxc6 h5 41. b4 h4 42. b5 h3 43. Kb7 Kg2 44. Kxa7 h2 45. b6 h1Q 46. b7 Qa1 47. b8Q Qxa3+ 48. Kb7 Qb2+ 49. Kc7 Qxb8+ 0-1

[Event "CRO-chT2 Center"]
[Site "Zagreb"]
[Date "2012.03.18"]
[Round "2.42"]
[White "Vrsek, Ivan"]
[Black "Lisenko, Alexander V"]
[Result "1/2-1/2"]
[WhiteElo "2248"]
[BlackElo "2345"]
[PlyCount "120"]
[EventDate "2012.03.18"]
[EventType "team-swiss"]
[EventRounds "11"]
[EventCountry "CRO"]
[SourceTitle "EXT 2014"]
[Source "ChessBase"]
[SourceDate "2013.11.20"]
[SourceVersion "1"]
[SourceVersionDate "2013.11.20"]
[SourceQuality "1"]

1. d4 Nf6 2. Nf3 e6 3. g3 b6 4. Bg2 Bb7 5. 0-0 c5 6. c4 Nc6 7. dxc5 Bxc5 8. Nc3 0-0 9. Bg5 Be7 10. Qd2 Na5 11. b3 d5 12. cxd5 Nxd5 13. Nxd5 Bxd5 14. Rfd1 Bxg5 15. Qxg5 Qc8 16. Rd4 f6 17. Qd2 Qb7 18. e4 Bxb3 19. Rd7 Qc8 20. Qd6 Ba4 21. Rc7 Qe8 22. Bh3 e5 23. Rac1 Rd8 24. Qe6+ Qxe6 25. Bxe6+ Kh8 26. Rxa7 Rd1+ 27. Rxd1 Bxd1 28. Nd2 Rd8 29. Bd5 g6 30. f3 Be2 31. Kf2 Bb5 32. Rf7 f5 33. Rf6 Bc6 34. Nb3 Bxd5 35. exd5 Nxb3 36. axb3 Rxd5 37. Rxb6 Rd2+ 38. Ke3 Rxh2 39. Rb7 Rg2 40. b4 h5 41. b5 Rb2 42. b6 Rb3+ 43. Kf2 Rb2+ 44. Ke3 g5 45. g4 fxg4 46. fxg4 h4 47. Ke4 h3 48. Kf5 Rf2+ 49. Kg6 Rf8 50. Rh7+ Kg8 51. Rg7+ Kh8 52. Rh7+ Kg8 53. Rxh3 Rb8 54. Rb3 e4 55. b7 Kf8 56. Kf6 Kg8 57. Kg6 Kf8 58. Kxg5 e3 59. Kg6 e2 60. Rf3+ Kg8 1/2-1/2

[Event "Zagreb op-B"]
[Site "Zagreb"]
[Date "2012.03.09"]
[Round "5"]
[White "Kinez, Ivo"]
[Black "Vrsek, Ivan"]
[Result "1-0"]
[WhiteElo "2086"]
[BlackElo "2248"]
[PlyCount "39"]
[EventDate "2012.03.05"]
[EventType "swiss"]
[EventRounds "9"]
[EventCountry "CRO"]
[SourceTitle "CBM 147 Extra"]
[Source "ChessBase"]
[SourceDate "2012.04.24"]
[SourceVersion "1"]
[SourceVersionDate "2012.04.24"]
[SourceQuality "1"]

1. e4 e6 2. d4 d5 3. Nc3 Bb4 4. e5 Ne7 5. Qg4 c5 6. a3 Qa5 7. Bd2 cxd4 8. Qxd4 Nbc6 9. Qf4 Ng6 10. Qg3 d4 11. Ne4 Bxd2+ 12. Nxd2 Qxe5+ 13. Qxe5 Ngxe5 14. f4 Ng4 15. Nc4 b5 16. h3 bxc4 17. hxg4 Ba6 18. b3 Ke7 19. bxc4 Kd6 20. c5+ 1-0

[Event "Zagreb op-B"]
[Site "Zagreb"]
[Date "2012.03.08"]
[Round "4"]
[White "Vrsek, Ivan"]
[Black "Blagojevic, Marijan"]
[Result "0-1"]
[WhiteElo "2248"]
[BlackElo "2127"]
[PlyCount "52"]
[EventDate "2012.03.05"]
[EventType "swiss"]
[EventRounds "9"]
[EventCountry "CRO"]
[SourceTitle "CBM 147 Extra"]
[Source "ChessBase"]
[SourceDate "2012.04.24"]
[SourceVersion "1"]
[SourceVersionDate "2012.04.24"]
[SourceQuality "1"]

1. c4 Nf6 2. Nc3 e6 3. e4 c5 4. e5 Ng8 5. Nf3 Nc6 6. g3 Nge7 7. Bg2 Ng6 8. Qe2 d6 9. exd6 Bxd6 10. 0-0 0-0 11. d3 h6 12. h4 e5 13. Be3 Bg4 14. Qd2 Rc8 15. Nd5 Kh7 16. Nh2 Be6 17. h5 Nge7 18. g4 f5 19. gxf5 Nxf5 20. f4 exf4 21. Bxf4 Ncd4 22. Be4 Bxd5 23. cxd5 Bxf4 24. Rxf4 Qg5+ 25. Kh1 Kh8 26. Raf1 Ng3+ 0-1

[Event "Zagreb op-B"]
[Site "Zagreb"]
[Date "2012.03.05"]
[Round "1"]
[White "Vrsek, Ivan"]
[Black "Hodzic, Hazim"]
[Result "1-0"]
[WhiteElo "2248"]
[BlackElo "1983"]
[PlyCount "49"]
[EventDate "2012.03.05"]
[EventType "swiss"]
[EventRounds "9"]
[EventCountry "CRO"]
[SourceTitle "CBM 147 Extra"]
[Source "ChessBase"]
[SourceDate "2012.04.24"]
[SourceVersion "1"]
[SourceVersionDate "2012.04.24"]
[SourceQuality "1"]

1. d4 Nf6 2. c4 c6 3. Nf3 g6 4. Nc3 Bg7 5. g3 d6 6. Bg2 0-0 7. 0-0 Nbd7 8. e4 Qc7 9. h3 e5 10. Be3 Re8 11. d5 c5 12. Nd2 a6 13. Qc2 Nh5 14. a3 Rb8 15. b4 b5 16. cxb5 cxb4 17. axb4 Rxb5 18. Qb3 Rb8 19. Rfc1 Qd8 20. Nc4 Ndf6 21. Na5 Qd7 22. Nc6 Ra8 23. Na4 Qb7 24. Nb6 Bd7 25. b5 1-0

[Event "CRO-chT3 Center-A"]
[Site "Zagreb"]
[Date "2011.10.16"]
[Round "9.13"]
[White "Vrsek, Ivan"]
[Black "Ivekovic, Bozidar1111"]
[Result "1-0"]
[WhiteElo "2204"]
[BlackElo "2106"]
[PlyCount "61"]
[EventDate "2011.03.13"]
[EventType "team-tourn"]
[EventRounds "11"]
[EventCountry "CRO"]
[SourceTitle "EXT 2014"]
[Source "ChessBase"]
[SourceDate "2013.11.20"]
[SourceVersion "1"]
[SourceVersionDate "2013.11.20"]
[SourceQuality "1"]

1. d4 Nf6 2. c4 g6 3. Nc3 Bg7 4. e4 d6 5. f3 0-0 6. Nge2 c5 7. Be3 Nc6 8. d5 Na5 9. Ng3 e6 10. Be2 exd5 11. cxd5 a6 12. e5 Nd7 13. f4 dxe5 14. f5 b6 15. Nce4 Nf6 16. Bg5 Bxf5 17. 0-0 h6 18. Nxf6+ Kh8 19. Nxf5 gxf5 20. Rxf5 hxg5 21. Bd3 Bxf6 22. Rxf6 Kg7 23. Rf5 Rh8 24. Qf3 f6 25. Rf1 Rh6 26. Qe4 c4 27. Bc2 Qe7 28. d6 Qb7 29. Rxg5+ fxg5 30. Qxe5+ Kg8 31. Qxg5+ 1-0

[Event "Zagreb op-B"]
[Site "Zagreb"]
[Date "2011.04.13"]
[Round "3"]
[White "Vrsek, Ivan"]
[Black "Gabre, Zeljko"]
[Result "0-1"]
[WhiteElo "2204"]
[BlackElo "2117"]
[PlyCount "112"]
[EventDate "2011.04.11"]
[EventType "swiss"]
[EventRounds "9"]
[EventCountry "CRO"]
[SourceTitle "CBM 141 Extra"]
[Source "ChessBase"]
[SourceDate "2011.05.03"]
[SourceVersion "1"]
[SourceVersionDate "2011.05.03"]
[SourceQuality "1"]

1. d4 g6 2. c4 Bg7 3. Nf3 d6 4. Nc3 Nf6 5. g3 0-0 6. Bg2 Nc6 7. 0-0 e5 8. d5 Ne7 9. c5 Bg4 10. cxd6 cxd6 11. Qb3 Qd7 12. Rd1 Nf5 13. Qb5 Bxf3 14. Qxd7 Nxd7 15. Bxf3 Nd4 16. Bg2 Nb6 17. Bg5 f6 18. Bd2 Nc4 19. e3 Nc2 20. Rab1 Bh6 21. Kf1 Rac8 22. Ke2 f5 23. Rdc1 Nd4+ 24. Kd1 Nxd2 25. Kxd2 f4 26. Kd3 fxe3 27. fxe3 Rf2 28. Bh3 Rcf8 29. exd4 Rd2+ 30. Kc4 Rxd4+ 31. Kb3 Bxc1 32. Be6+ Kg7 33. Rxc1 Rf3 34. Rc2 b5 35. a3 a5 36. Bh3 b4 37. Bg2 Re3 38. Re2 Red3 39. Kc2 bxc3 40. bxc3 Rxd5 41. Bxd5 Rxd5 42. c4 Rd4 43. Kc3 Kf6 44. Rb2 d5 45. cxd5 Rxd5 46. Kc4 Rd8 47. Rf2+ Ke6 48. Re2 Rd4+ 49. Kc5 a4 50. Re3 Rd2 51. Kb4 Rd4+ 52. Kc5 Kf5 53. h3 h5 54. Re1 Rd3 55. g4+ hxg4 56. hxg4+ Kf4 0-1

[Event "CRO-chT3 Center-A"]
[Site "Zagreb"]
[Date "2011.04.03"]
[Round "5.34"]
[White "Medic, Miljenko"]
[Black "Vrsek, Ivan"]
[Result "0-1"]
[WhiteElo "2246"]
[BlackElo "2204"]
[PlyCount "116"]
[EventDate "2011.03.13"]
[EventType "team-tourn"]
[EventRounds "11"]
[EventCountry "CRO"]
[SourceTitle "EXT 2014"]
[Source "ChessBase"]
[SourceDate "2013.11.20"]
[SourceVersion "1"]
[SourceVersionDate "2013.11.20"]
[SourceQuality "1"]

1. d4 d5 2. c4 c6 3. Nf3 Nf6 4. Nc3 a6 5. e3 b5 6. b3 Bg4 7. Be2 e6 8. 0-0 Be7 9. Ne5 Bxe2 10. Nxe2 0-0 11. Bb2 Nfd7 12. Rc1 Nxe5 13. dxe5 Nd7 14. cxd5 cxd5 15. Qd4 Rc8 16. Rxc8 Qxc8 17. Rc1 Qb7 18. Qc3 Nc5 19. Qc2 b4 20. Bd4 Qb5 21. Nf4 Ne4 22. Qc7 Bg5 23. Nh3 Bh6 24. Qb6 Qxb6 25. Bxb6 Nc3 26. Rc2 Rb8 27. Ba5 f6 28. exf6 gxf6 29. Bxb4 Nxa2 30. Ba5 Rxb3 31. g4 Ra3 32. Rc8+ Kf7 33. Bb6 e5 34. Rc7+ Kg6 35. Kg2 Rc3 36. Rd7 Rc6 37. Ba5 Rc5 38. f4 Bxf4 39. exf4 Rxa5 40. f5+ Kh6 41. Rf7 Nc3 42. Rxf6+ Kg7 43. Rc6 Ne4 44. Rc7+ Kf6 45. Rc6+ Kg7 46. Rc7+ Kf6 47. Rc6+ Kg7 48. g5 Ra3 49. Rc7+ Kg8 50. f6 d4 51. Re7 d3 52. Rxe5 d2 53. Rd5 Rxh3 54. Rd8+ Kf7 55. Rd7+ Ke8 56. Rd4 Re3 57. h4 Re1 58. Kf3 Nxg5+ 0-1

[Event "CRO-chT3 Center-A"]
[Site "Zagreb"]
[Date "2011.03.20"]
[Round "2.34"]
[White "Vrsek, Ivan"]
[Black "Mandl, Nino"]
[Result "1-0"]
[WhiteElo "2204"]
[BlackElo "2111"]
[PlyCount "57"]
[EventDate "2011.03.13"]
[EventType "team-tourn"]
[EventRounds "11"]
[EventCountry "CRO"]
[SourceTitle "EXT 2014"]
[Source "ChessBase"]
[SourceDate "2013.11.20"]
[SourceVersion "1"]
[SourceVersionDate "2013.11.20"]
[SourceQuality "1"]

1. Nf3 Nf6 2. c4 g6 3. Nc3 Bg7 4. d4 0-0 5. g3 d5 6. Bg2 c6 7. cxd5 cxd5 8. Ne5 Qb6 9. 0-0 e6 10. Na4 Qb4 11. a3 Qe7 12. Bg5 h6 13. Be3 Nbd7 14. Rc1 Nxe5 15. dxe5 Nd7 16. f4 Qd8 17. Bd4 b6 18. e4 Ba6 19. Rf2 dxe4 20. Bxe4 Rc8 21. Rd2 Bb5 22. Nc3 Bc6 23. Be3 Bxe4 24. Rxd7 Rxc3 25. Rxd8 Rxe3 26. Rxf8+ Bxf8 27. Qd4 Re2 28. Kf1 Bf3 29. Rc8 1-0

[Event "CRO-chT3A Center"]
[Site "Zagreb"]
[Date "2010.10.17"]
[Round "7.41"]
[White "Markovic, Vjeran"]
[Black "Vrsek, Ivan"]
[Result "0-1"]
[WhiteElo "2202"]
[BlackElo "2217"]
[PlyCount "64"]
[EventDate "2010.03.21"]
[EventType "team-tourn"]
[EventRounds "11"]
[EventCountry "CRO"]
[SourceTitle "EXT 2012"]
[Source "ChessBase"]
[SourceDate "2011.11.24"]
[SourceVersion "1"]
[SourceVersionDate "2011.11.24"]
[SourceQuality "1"]

1. Nf3 d5 2. b3 Nf6 3. Bb2 Nbd7 4. e3 e6 5. d4 Bd6 6. Bd3 0-0 7. Nbd2 c5 8. 0-0 Qc7 9. c4 b6 10. Rc1 Bb7 11. dxc5 bxc5 12. cxd5 exd5 13. h3 Rfe8 14. Nd4 Be5 15. Ba1 Qb6 16. Nf5 Bxa1 17. Rxa1 Ne5 18. Bc2 Rad8 19. Nf3 d4 20. exd4 cxd4 21. Nxe5 Rxe5 22. Bd3 Qc6 23. f3 Nd5 24. Re1 Rde8 25. Qd2 g6 26. Rxe5 Rxe5 27. Nxd4 Qb6 28. Qf2 Re3 29. Be4 Qxd4 30. Rc1 Nf4 31. Kh2 Bxe4 32. fxe4 Rxh3+ 0-1

[Event "Velika Gorica op 9th"]
[Site "Velika Gorica"]
[Date "2010.08.31"]
[Round "9"]
[White "Soldo, Robert"]
[Black "Vrsek, Ivan"]
[Result "0-1"]
[WhiteElo "2199"]
[BlackElo "2218"]
[PlyCount "70"]
[EventDate "2010.08.23"]
[EventType "swiss"]
[EventRounds "9"]
[EventCountry "CRO"]
[SourceTitle "CBM 138 Extra"]
[Source "ChessBase"]
[SourceDate "2010.10.29"]
[SourceVersion "1"]
[SourceVersionDate "2010.10.29"]
[SourceQuality "1"]

1. d4 d5 2. c4 c6 3. Nf3 Nf6 4. Nc3 a6 5. h3 b5 6. c5 g6 7. Bf4 Bg7 8. g4 Nbd7 9. a3 Ne4 10. Qc2 Nxc3 11. Qxc3 0-0 12. Bg2 f6 13. 0-0 e5 14. dxe5 fxe5 15. Bg5 Qe8 16. Rad1 Rf7 17. Bh4 Nf8 18. Bg3 e4 19. Nd4 Ne6 20. e3 h5 21. gxh5 gxh5 22. h4 Nxd4 23. exd4 Bg4 24. f3 exf3 25. Bxf3 Qd7 26. Rd3 Raf8 27. Bg2 Rxf1+ 28. Bxf1 Qf5 29. Bg2 Bh6 30. Be1 Re8 31. Bf2 Re2 32. Bf3 Re6 33. Bxg4 hxg4 34. Rd1 g3 35. Be1 Be3+ 0-1

[Event "CRO-chT3A Center"]
[Site "Zagreb"]
[Date "2010.03.21"]
[Round "1.13"]
[White "Vrsek, Ivan"]
[Black "Balenovic, Zvonimir"]
[Result "1/2-1/2"]
[WhiteElo "2217"]
[BlackElo "2222"]
[PlyCount "117"]
[EventDate "2010.03.21"]
[EventType "team-tourn"]
[EventRounds "11"]
[EventCountry "CRO"]
[SourceTitle "EXT 2012"]
[Source "ChessBase"]
[SourceDate "2011.11.24"]
[SourceVersion "1"]
[SourceVersionDate "2011.11.24"]
[SourceQuality "1"]

1. d4 Nf6 2. c4 g6 3. Nc3 Bg7 4. Nf3 0-0 5. g3 d6 6. Bg2 Nbd7 7. 0-0 e5 8. e4 c6 9. h3 Qb6 10. c5 dxc5 11. dxe5 Ne8 12. e6 fxe6 13. Ng5 Ne5 14. f4 c4+ 15. Kh2 Nd3 16. e5 Nc7 17. Nce4 Nd5 18. Nd6 Nxc1 19. Qxc1 Qd8 20. Nxc4 Qe7 21. Nd6 Rb8 22. Qc5 Ra8 23. Rac1 Qd7 24. Rfd1 Qd8 25. Nge4 Qb6 26. Rd2 Bd7 27. Nc4 Qc7 28. Ne3 Qb6 29. Nc4 Qc7 30. Ncd6 Qb6 31. a3 Rab8 32. h4 Rfd8 33. Bh3 Bf8 34. Qc2 Bxd6 35. Nxd6 Kg7 36. Qe4 Rf8 37. Nc4 Qd8 38. Ne3 Qa5 39. Rcd1 Rbd8 40. Bf1 Bc8 41. Nc4 Qc7 42. Nd6 Qe7 43. Rc1 Nxf4 44. gxf4 Qxh4+ 45. Bh3 Rxf4 46. Qg2 Rdf8 47. Rcc2 Rf3 48. Nxc8 Qf4+ 49. Kg1 Rg3 50. Rf2 Qe3 51. Bxe6 Rxg2+ 52. Kxg2 Qe4+ 53. Kg1 Rxf2 54. Rxf2 Qxe5 55. Ba2 Qg3+ 56. Rg2 Qe1+ 57. Kh2 Qh4+ 58. Kg1 Qe1+ 59. Kh2 1/2-1/2

[Event "Zagreb op-B"]
[Site "Zagreb"]
[Date "2010.03.04"]
[Round "9"]
[White "Djurovic, Goran"]
[Black "Vrsek, Ivan"]
[Result "1/2-1/2"]
[WhiteElo "2276"]
[BlackElo "2217"]
[PlyCount "116"]
[EventDate "2010.02.25"]
[EventType "swiss"]
[EventRounds "9"]
[EventCountry "CRO"]
[SourceTitle "CBM 135 Extra"]
[Source "ChessBase"]
[SourceDate "2010.05.04"]
[SourceVersion "1"]
[SourceVersionDate "2010.05.04"]
[SourceQuality "1"]

1. c4 e5 2. g3 Nf6 3. Bg2 d5 4. cxd5 Nxd5 5. Nc3 Nb6 6. Nf3 Nc6 7. 0-0 Be7 8. a3 g5 9. d4 exd4 10. Nb5 Be6 11. Nfxd4 Nxd4 12. Nxd4 Bd5 13. e4 Bc4 14. Re1 c5 15. Nf5 Qxd1 16. Rxd1 Bb3 17. Re1 h6 18. Be3 Na4 19. e5 Rb8 20. f4 g4 21. Rac1 b6 22. Bf2 Rd8 23. Re3 Be6 24. Ng7+ Kf8 25. Nxe6+ fxe6 26. Re2 Rd3 27. Bc6 Nxb2 28. Rxb2 Rxa3 29. Rd2 Kf7 30. Rcd1 Rc8 31. Bb5 c4 32. Rc2 c3 33. Be2 Rb3 34. Rd3 a5 35. Bd1 b5 36. Be1 b4 37. Rc1 Ra3 38. Bc2 a4 39. Kf1 Ra2 40. Bxc3 Rxc3 41. Rxc3 bxc3 42. Be4 Bb4 43. f5 a3 44. Bc2 Rb2 45. fxe6+ Kxe6 46. Ke2 a2 47. Kd3 Kxe5 48. Re1+ Kd5 49. Ra1 Bd6 50. Rxa2 Rxa2 51. Bb3+ Ke5 52. Bxa2 c2 53. Kxc2 Ke4 54. Be6 Kf3 55. h3 gxh3 56. Bxh3 Kxg3 57. Bc8 h5 58. Kd3 Bc5 1/2-1/2